| 000 | 00765nam a22002177a 4500 | ||
|---|---|---|---|
| 003 | NALT | ||
| 005 | 20220211061912.0 | ||
| 008 | 220128b th ||||| |||| 00| 0 eng d | ||
| 040 | _aNALT | ||
| 086 | _a นร 07 3.1 352.4 2022 | ||
| 110 | 2 |
_98552 _aOffice of the Prime Minister. _bThe Bureau of the Budget |
|
| 245 | 1 | 0 |
_aThailand's Budget in Brief Fiscal Year 2022 / _cThe Bureau of the Budget. |
| 260 |
_aBangkok : _bThe Bureau of the Budget, _cn.d. |
||
| 300 |
_a146 p : _bill, table, chart ; _c21 cm. |
||
| 651 | 4 |
_956565 _aBudget _zThailand _y2022 |
|
| 850 | _aNALT | ||
| 856 | 4 | 0 | _uhttps://bbstore.bb.go.th/cms/1642148198_7299.pdf |
| 942 |
_cGOV _2local |
||
| 998 |
_abijaya _cDAO _j1020 _k จำเรียง ระวังสำโรง |
||
| 999 |
_c99099 _d99099 |
||